[Event "CRO-chT"]
[Site "Tucepi"]
[Date "1996.??.??"]
[Round "?"]
[White "Markotic, Gordan"]
[Black "Rogulj, Branko"]
[Result "0-1"]
[WhiteElo "2320"]
[BlackElo "2415"]

1.d4 Nf6 2.c4 g6 3.Nc3 d5 4.cxd5 Nxd5 5.e4 Nxc3 6.bxc3 Bg7 7.Nf3 O-O 8.Be2 c5
9.Rb1 Nc6 10.d5 Ne5 11.Nxe5 Bxe5 12.Qd2 e6 13.f4 Bc7 14.O-O exd5 15.exd5 Ba5
16.Bb2 Bf5 17.Rbd1 Qd6 18.Qc1 Rfe8 19.Bf3 c4 20.Kh1 Bb6 21.Rfe1 Bc5 22.Qd2 Bd3
23.g3 Qb6 24.Bc1 Bf2 25.Rxe8+ Rxe8 26.Kg2 Be3 27.Qb2 Qxb2+ 28.Bxb2 Bc5 29.a4 Kf8
30.f5 Bxf5 31.Bc1 Bd3 32.Bh6+ Ke7 33.Bg5+ Kd7 34.Bf6 h5 35.g4 Be2 36.Rb1 hxg4
37.Bxe2 Rxe2+ 38.Kg3 b6  0-1

[Event "CRO-chT2"]
[Site "Tucepi"]
[Date "1996.??.??"]
[Round "?"]
[White "Grdinic, Zvonimir"]
[Black "Jelen, Igor"]
[Result "0-1"]
[WhiteElo "2375"]
[BlackElo "2400"]

1.d4 Nf6 2.c4 g6 3.Nc3 d5 4.cxd5 Nxd5 5.e4 Nxc3 6.bxc3 Bg7 7.Nf3 c5 8.Rb1 O-O
9.Be2 cxd4 10.cxd4 Qa5+ 11.Bd2 Qxa2 12.O-O b6 13.Bg5 Bb7 14.Bd3 e6 15.Be7 Rc8
16.Bb4 Nc6 17.Ra1 Qb2 18.Rb1 Qa2 19.Ra1 Qxa1 20.Qxa1 Nxb4 21.Bb1 a5 22.Qb2 Bf8
23.Re1 a4 24.Re3 a3 25.Rxa3 Rxa3 26.Qxa3 Na2  0-1

[Event "Tuebingen-ch55"]
[Site "Tuebingen"]
[Date "1996.??.??"]
[Round "?"]
[White "Loseries, Uwe"]
[Black "Von Auer, Ulrich"]
[Result "1/2-1/2"]
[WhiteElo "2085"]
[BlackElo "1900"]

1.d4 Nf6 2.c4 g6 3.Nc3 d5 4.cxd5 Nxd5 5.e4 Nxc3 6.bxc3 Bg7 7.Bc4 c5 8.Ne2 Nc6
9.Be3 O-O 10.O-O Qc7 11.Rc1 Rd8 12.Bf4 Qd7 13.d5 Na5 14.Bd3 c4 15.Bc2 e6
16.dxe6 fxe6 17.Bg5 Rf8 18.f4 Qc7 19.e5 Nc6 20.Qe1 Ne7 21.Qh4 Nf5 22.Bxf5 exf5
23.Be7 Re8 24.Bd6 Qf7 25.Qf2 b6 26.h4 Bb7 27.Rc2 Be4 28.Rb2 Bf8 29.Rd1 Rad8
30.Rbd2 Bd3 31.Bxf8 Qxf8 32.Nc1 Be4 33.Rd6 Rxd6 34.Rxd6 Rd8 35.Qd4 Rxd6 36.exd6 Qd8
37.d7 Kf7 38.g3 Ke6 39.Kf2 Qxd7 40.Qxc4+ Bd5 41.Qe2+ Be4 42.Qc4+ Bd5 43.Qd4 Qc7
44.a3 Bb7 45.Nd3 Qc6 46.Qe3+ Kf6 47.Qe5+ Kf7 48.Ne1 Qc4 49.Qd4 Qa2+ 50.Ke3 Qxa3
51.Nd3 Qe7+ 52.Ne5+ Kf8 53.Kd2 Be4 54.Nd7+ Kg8 55.Nf6+ Kf8 56.Nd7+ Ke8 57.Nf6+ Kf7
58.Nd7  1/2-1/2

[Event "Turin op"]
[Site "Turin"]
[Date "1996.??.??"]
[Round "3"]
[White "Arlandi, Ennio"]
[Black "Mikhalevski, Victor"]
[Result "1/2-1/2"]
[WhiteElo "2445"]
[BlackElo "2500"]

1.d4 Nf6 2.c4 g6 3.Nc3 d5 4.cxd5 Nxd5 5.e4 Nxc3 6.bxc3 Bg7 7.Bb5+ c6 8.Ba4 a5
9.Ne2 b5 10.Bb3 a4 11.Bc2 c5 12.Be3 cxd4 13.cxd4 O-O 14.O-O Ba6 15.Rb1 Nc6
16.d5 Ne5 17.Nd4 Qd7 18.Rb4 Rfc8 19.Bd3 Qd6 20.a3 Rc3 21.Bxb5 Rxa3 22.Rxa4 Ng4
23.e5 Qxe5 24.Nf3 Rxa4 25.Qxa4 Qb8 26.Bxa6 Nxe3 27.fxe3 Qb6 28.Qe4 Qxa6 29.Qxe7 Bf6
30.Qe4 Qd6 31.Qf4 Qxf4 32.exf4 Kf8 33.Ne5 Ke7 34.Rd1 Bxe5 35.fxe5 Ra2 36.Kf1 Ra4
37.d6+ Kd7 38.Rc1 Ke6 39.Rc8 Rd4 40.Re8+ Kf5 41.Re7 f6 42.d7 fxe5 43.Rxh7 g5  1/2-1/2

[Event "CZE-ch"]
[Site "Turnov"]
[Date "1996.??.??"]
[Round "7"]
[White "Haba, Petr"]
[Black "Jansa, Vlastimil"]
[Result "1/2-1/2"]
[WhiteElo "2455"]
[BlackElo "2500"]

1.d4 Nf6 2.c4 g6 3.Nc3 d5 4.cxd5 Nxd5 5.e4 Nxc3 6.bxc3 Bg7 7.Nf3 c5 8.Rb1 O-O
9.Be2 b6 10.O-O Bb7 11.Qd3 e6 12.Bg5 Qd6 13.Qe3 Rc8 14.Rfd1 cxd4 15.cxd4 Nd7
16.h4 Qf8 17.e5 Rc7  1/2-1/2

[Event "CZE-ch"]
[Site "Turnov"]
[Date "1996.??.??"]
[Round "8"]
[White "Stocek, Jiri"]
[Black "Oral, Tomas"]
[Result "1/2-1/2"]
[WhiteElo "2465"]
[BlackElo "2460"]

1.d4 Nf6 2.c4 g6 3.Nc3 d5 4.cxd5 Nxd5 5.e4 Nxc3 6.bxc3 Bg7 7.Bc4 O-O 8.Ne2 b6
9.h4 Nc6 10.h5 Na5 11.Bd3 e5 12.hxg6 fxg6 13.Be3 Qe7 14.Qd2 exd4 15.Bxd4 Be6
16.Bxg7 Qxg7 17.Nd4 Bf7 18.O-O Rad8 19.Qc2 c5 20.Nf3 Be8 21.Rfe1 Bc6 22.Rad1 Qe7
23.Qe2 Rf4 24.Ne5 Rdf8 25.Bc4+ Kg7 26.Nxc6 Nxc6 27.e5 Rxf2 28.Qe4 Nb8 29.e6 R8f5
30.Rf1 Rxf1+ 31.Bxf1 c4 32.Bxc4 h5 33.Re1 Kh7 34.Qd4 Nc6 35.Qd7 Rc5 36.Bb3 Kg7
37.Qd3 Re5 38.Rxe5 Nxe5 39.Qd4 Qf6 40.a4 Kf8 41.Qd6+ Ke8 42.Qb8+ Ke7 43.Qxa7+ Ke8
44.Qb8+ Ke7 45.Qc7+ Ke8 46.Qxb6 Qg5 47.Qb5+ Ke7 48.Qb7+ Ke8 49.Qb8+ Ke7 50.Qa7+ Ke8
51.Bd1 Qg3 52.Be2 Nf3+ 53.Bxf3 Qe1+  1/2-1/2

[Event "CZE-ch (Women)"]
[Site "Usti nad Labem"]
[Date "1996.??.??"]
[Round "7"]
[White "Mackova, Eva"]
[Black "Blazkova, Petra"]
[Result "1-0"]
[WhiteElo "2175"]
[BlackElo "2180"]

1.d4 Nf6 2.c4 g6 3.Nc3 d5 4.cxd5 Nxd5 5.e4 Nxc3 6.bxc3 Bg7 7.Bc4 O-O 8.Ne2 Nc6
9.h4 Na5 10.Bb3 c5 11.h5 cxd4 12.cxd4 Nxb3 13.axb3 Bg4 14.f3 Bd7 15.Be3 Qb6
16.Qd2 Rfc8 17.hxg6 fxg6 18.Rb1 a5 19.Nf4 e6 20.Kf2 Qb4 21.Qxb4 axb4 22.Rb2 e5
23.Ne2 exd4 24.Bxd4 Rd8 25.Bxg7 Kxg7 26.Rc1 Rac8 27.Rc4 Rxc4 28.bxc4 b5 29.Rxb4 bxc4
30.Rxc4 Bb5 31.Rc7+ Kf6 32.Nf4 g5 33.Nd5+ Kg6 34.Ke3 Re8 35.Kd4 Bf1 36.Ne3 Bb5
37.Nf5 Bf1 38.Rc6+  1-0

[Event "Valkeakoski sim"]
[Site "Valkeakoski"]
[Date "1996.??.??"]
[Round "?"]
[White "Polgar, Zsuzsa"]
[Black "Hartio, Ilkka"]
[Result "1/2-1/2"]
[WhiteElo "2550"]
[BlackElo "2170"]

1.d4 Nf6 2.c4 g6 3.Nc3 d5 4.cxd5 Nxd5 5.e4 Nxc3 6.bxc3 Bg7 7.Nf3 O-O 8.Be2 c5
9.Rb1 cxd4 10.cxd4 Qa5+ 11.Bd2 Qxa2 12.O-O Qe6 13.Qc2 Qd6 14.Bb4 Qd8 15.d5 Bg4
16.Rfd1 Na6 17.Ba3 Rc8 18.Qa4 Nc5 19.Bxc5 Rxc5 20.Qxa7 Ra5 21.Qxb7 Ra2 22.Bc4 Rc2
23.Bd3 Rc3 24.Be2 Rc2 25.Qb5 Bxf3 26.Bxf3 Qc7 27.Qb6 Qe5 28.d6 exd6 29.Qxd6 Qxd6
30.Rxd6 Rfc8 31.g3 Bf8 32.Rdd1 Bc5 33.Rf1 Rc7 34.Bd1 Rd2 35.Bb3 Ba7 36.Bd5 Kg7
37.Rb7 Rxb7 38.Bxb7  1/2-1/2

[Event "Vienna op"]
[Site "Vienna"]
[Date "1996.??.??"]
[Round "9"]
[White "Ftacnik, Lubomir"]
[Black "Ruck, Robert"]
[Result "1/2-1/2"]
[WhiteElo "2610"]
[BlackElo "2465"]

1.d4 Nf6 2.c4 g6 3.Nc3 d5 4.cxd5 Nxd5 5.e4 Nxc3 6.bxc3 Bg7 7.Bb5+ c6 8.Ba4 O-O
9.Ne2 e5 10.O-O Re8 11.f3 Nd7 12.Be3 Qc7 13.Rc1 b6 14.Ng3 Ba6 15.Rf2 Bc4
16.f4 b5 17.Bb3 exd4 18.cxd4 Nb6 19.f5 Rad8 20.f6 Bf8 21.Qg4 c5 22.Nf5 cxd4
23.Bh6 Bxh6 24.Nxh6+ Kh8 25.Nf5 Re6 26.Qg5 Qe5 27.Qh6 Qxf6 28.Nd6 Qxf2+ 29.Kxf2 Rexd6
30.Qg5 d3 31.Bd1 Re8 32.Qc5 Rf6+ 33.Bf3 Kg8 34.Qd4 Rfe6 35.Rd1 R6e7 36.Rd2 Rd7
37.Qc5 Rc8 38.Qe5 Be6 39.Qxb5 Nc4 40.Rd1 Rd6 41.h4 h6 42.Qb7 a5 43.Rb1 Nd2
44.Rb6 Rdd8 45.Rxe6 Nxf3 46.gxf3 d2 47.Rd6 Rxd6 48.Qxc8+ Kg7 49.Qc3+ Kg8
50.Qc8+ Kh7 51.Qc7 d1=Q 52.Qxf7+ Kh8 53.Qf8+  1/2-1/2

[Event "Warsaw op (Women)"]
[Site "Warsaw"]
[Date "1996.??.??"]
[Round "7"]
[White "Dubinka, Inna"]
[Black "Blazkova, Petra"]
[Result "1-0"]
[WhiteElo "2235"]
[BlackElo "2180"]

1.d4 Nf6 2.c4 g6 3.Nc3 d5 4.cxd5 Nxd5 5.e4 Nxc3 6.bxc3 Bg7 7.Nf3 c5 8.Rb1 O-O
9.Be2 cxd4 10.cxd4 Qa5+ 11.Bd2 Qxa2 12.O-O a5 13.Qc1 Qe6 14.Bc4 Qxe4 15.Re1 Qg4
16.h3 Qd7 17.Ne5 Bxe5 18.dxe5 Qc6 19.Bh6 Rd8 20.e6 f6 21.Qf4 Na6 22.h4 Nc5
23.g4 Kh8 24.h5 g5 25.Qf5 b6 26.Bxg5 Rf8 27.Bd5 Bxe6 28.Rxe6 Qc8 29.Bh6 Rf7
30.Bxa8  1-0

[Event "USA-chJ"]
[Site "Washington"]
[Date "1996.??.??"]
[Round "?"]
[White "Mont Reynaud, Jordy"]
[Black "Nur, Nawrose Farh"]
[Result "1-0"]
[WhiteElo "2140"]
[BlackElo "2115"]

1.d4 Nf6 2.c4 g6 3.Nc3 d5 4.cxd5 Nxd5 5.e4 Nxc3 6.bxc3 Bg7 7.Bc4 c5 8.Be3 O-O
9.Ne2 Nc6 10.O-O Qc7 11.Rc1 Rd8 12.a3 Na5 13.Ba2 b6 14.f3 Ba6 15.Rf2 Qd7
16.d5 Bc4 17.Qc2 e6 18.Nf4 Bh6 19.dxe6 fxe6 20.Nh5 Bg7 21.Nxg7 Kxg7 22.Bg5 Rf8
23.Rd1 Qc8 24.Rfd2 e5 25.Rd7+ Rf7 26.Rd8 Qb7 27.Qd2 h5 28.Qd6 Nc6 29.Bxc4 Nxd8
30.Bxd8 Rf8 31.Bd5 Raxd8 32.Bxb7 Rxd6 33.Rxd6 Rf7 34.Bc6 a6 35.Kf2 g5 36.Be8 Rf8
37.Bxh5 Rh8 38.g4 c4 39.Rxb6 Rd8 40.Rg6+ Kh7 41.Rxg5  1-0

[Event "Werfen op-A"]
[Site "Werfen"]
[Date "1996.??.??"]
[Round "7"]
[White "Kniest, Oliver"]
[Black "Donegani, Hans Peter"]
[Result "1-0"]
[WhiteElo "2170"]
[BlackElo "2120"]

1.c4 Nf6 2.Nc3 d5 3.d4 g6 4.cxd5 Nxd5 5.e4 Nxc3 6.bxc3 Bg7 7.Nf3 c5 8.Rb1 O-O
9.Be2 Nc6 10.d5 Ne5 11.Nxe5 Bxe5 12.Qd2 b6 13.O-O Bg7 14.Bc4 Kh8 15.f4 e6
16.d6 e5 17.fxe5 Bxe5 18.Qd5 Bxd6 19.Rxf7 Rxf7 20.Qxf7 Bg4 21.h3 Qh4 22.Qd5 Qe1+
23.Bf1 Rd8 24.Bg5 Qxc3 25.Bxd8 Qe3+ 26.Kh1 Qf4 27.Bf6+ Qxf6 28.Bc4  1-0

[Event "Yalta op"]
[Site "Yalta"]
[Date "1996.??.??"]
[Round "4"]
[White "Fish, Gannadij"]
[Black "Efimov, Arkadij"]
[Result "1-0"]
[WhiteElo "2435"]
[BlackElo "2275"]

1.d4 Nf6 2.c4 g6 3.Nc3 d5 4.cxd5 Nxd5 5.e4 Nxc3 6.bxc3 Bg7 7.Be3 O-O 8.Qd2 c5
9.Nf3 Qa5 10.Rc1 Bg4 11.Be2 Rd8 12.d5 e6 13.c4 Qxd2+ 14.Nxd2 Bxe2 15.Kxe2 Nd7
16.Rb1 b6 17.Rhd1 exd5 18.cxd5 f5 19.f3 Ne5 20.h3 fxe4 21.fxe4 Rd7 22.Bf4 Rf8
23.Bxe5 Bxe5 24.Nf3 Bf4 25.Kd3 Re7 26.Re1 Rfe8 27.a4 h6 28.a5 c4+ 29.Kd4 c3
30.Kxc3 Rxe4 31.Rxe4 Rxe4 32.axb6 axb6 33.Rxb6 Kf7 34.Rb2 h5 35.Kd3 Ra4 36.Re2 g5
37.Ne5+ Kf6 38.Nc4 g4 39.hxg4 hxg4 40.d6 Ra1 41.Ke4 Bg3 42.Rd2 Ra8 43.Kd5 Kf7
44.Rd4 Rg8 45.Re4 Kf6 46.d7 Bc7 47.Re8 Kf7 48.Rxg8  1-0

[Event "Yalta op"]
[Site "Yalta"]
[Date "1996.??.??"]
[Round "8"]
[White "Moiseenko, Alexander"]
[Black "Timoshenko, Georgy"]
[Result "1-0"]
[WhiteElo "2310"]
[BlackElo "2500"]

1.d4 Nf6 2.c4 g6 3.Nc3 d5 4.cxd5 Nxd5 5.e4 Nxc3 6.bxc3 Bg7 7.Bb5+ c6 8.Ba4 O-O
9.Ne2 Nd7 10.O-O e5 11.Qc2 Qe7 12.Bb3 Nf6 13.f3 b6 14.dxe5 Qxe5 15.Bf4 Qc5+
16.Nd4 Bb7 17.Rad1 Rad8 18.Rfe1 Qe7 19.Bg5 c5 20.e5 cxd4 21.exf6 Qc5 22.fxg7  1-0

[Event "Yalta op"]
[Site "Yalta"]
[Date "1996.??.??"]
[Round "9"]
[White "Notkin, Maksim"]
[Black "Fish, Gannadij"]
[Result "1/2-1/2"]
[WhiteElo "2515"]
[BlackElo "2435"]

1.d4 Nf6 2.c4 g6 3.Nc3 d5 4.cxd5 Nxd5 5.e4 Nxc3 6.bxc3 Bg7 7.Nf3 c5 8.Rb1 O-O
9.Be2 Nc6 10.d5 Ne5 11.Nxe5 Bxe5 12.Qd2 e6 13.f4 Bc7 14.Bc4 a6 15.a4 Qe8
16.Qa2 Rb8 17.a5 exd5 18.Bxd5 Bf5 19.Qc4 Bxa5 20.Rxb7 Rxb7 21.Bxb7 Qe7 22.Bd5 Bd7
23.Ba3 Rc8 24.Qd3 c4 25.Bxe7 cxd3 26.Bf6 Bxc3+ 27.Bxc3 Rxc3 28.Kd2 Rc2+ 29.Kxd3 Rxg2
30.Rc1 Rxh2 31.Rc7 Be6 32.Bxe6 fxe6 33.Kd4 Rh5 34.Re7 Ra5 35.Rxe6 Kf7 36.Rb6 h5
37.Rb7+ Kg8 38.Rb8+ Kg7 39.Rb7+ Kh6 40.Rb6 Kg7  1/2-1/2

[Event "Yalta op"]
[Site "Yalta"]
[Date "1996.??.??"]
[Round "10"]
[White "Riazantsev, Alexander"]
[Black "Belov, Igor"]
[Result "1-0"]
[WhiteElo "2300"]
[BlackElo "2430"]

1.d4 Nf6 2.c4 g6 3.Nc3 d5 4.cxd5 Nxd5 5.e4 Nxc3 6.bxc3 Bg7 7.Bc4 c5 8.Ne2 O-O
9.O-O Nc6 10.Be3 Bg4 11.f3 cxd4 12.cxd4 Na5 13.Bd5 Bc8 14.Rb1 e6 15.Bb3 b6
16.Qd3 Bb7 17.Rbc1 Qd7 18.Rfd1 Rac8 19.Nc3 Rfd8 20.Ne2 Bc6 21.Qd2 Bb5 22.Nc3 Ba6
23.Qf2 Qe7 24.Kh1 Qb4 25.Ne2 Nxb3 26.axb3 Qxb3 27.Ra1 Bxe2 28.Qxe2 Rc2 29.Qe1 a5
30.Rab1 Qa2 31.Qf1 Rb2 32.Rbc1 Qb3 33.Bg5 Re8 34.d5 exd5 35.exd5 h6 36.Bh4 Qa4
37.Bg3 Bf6 38.d6 Rd8 39.Qd3 Rb4 40.Qd5 Rd7 41.Re1 Kh7 42.Rc7 Bd8 43.Qb7 Bxc7
44.dxc7 Rb1 45.c8=Q Rxe1+ 46.Bxe1 Rxb7 47.Qxb7 Qb3 48.Bf2 b5 49.h3 b4 50.Qe7 Qc4
51.Qf6 Qe6 52.Qxe6 fxe6 53.Bb6 a4 54.Bc5 b3 55.Ba3 Kg7 56.Kg1 Kf6 57.Kf2 Ke5
58.Ke3 Kd5 59.Kd3  1-0

[Event "Yerevan ol (Men)"]
[Site "Yerevan"]
[Date "1996.??.??"]
[Round "5"]
[White "Michelakis, George"]
[Black "Rowson, Jonathan"]
[Result "1/2-1/2"]
[WhiteElo "2410"]
[BlackElo "2425"]

1.d4 Nf6 2.c4 g6 3.Nc3 d5 4.cxd5 Nxd5 5.e4 Nxc3 6.bxc3 Bg7 7.Nf3 O-O 8.Be2 c5
9.Rb1 b6 10.O-O Bb7 11.e5 cxd4 12.cxd4 Bd5 13.Qa4 Nc6 14.Be3 Qd7 15.Qa3 f6
16.exf6 exf6 17.Rfd1 Rad8 18.Rbc1 Qd6 19.Qa4 Rf7 20.h4 Ne7 21.h5 Nf5 22.hxg6 hxg6
23.Rc3 Bf8 24.Bc4 Ne7 25.Qc2 Rh7 26.Qe4 Bxc4 27.Rxc4 Qd5 28.Qxd5+ Nxd5 29.Rb1 Rc7
30.Rxc7 Nxc7 31.Kf1 Nd5 32.Rc1 Re8 33.Bd2 Kf7 34.a4 a6 35.Ne1 Bd6 36.Rc6 Ke6
37.Rc2 Kd7 38.Rc1 Ba3 39.Rc2 Re4 40.Nf3 g5 41.Bc3 Be7 42.Bb2 Re6 43.Ne1 Bb4
44.Nd3 Ba5 45.Rc1 Re8 46.Ba1 Bd2 47.Rc2 Rh8 48.Ke2 Rh1 49.Bb2 Ba5 50.Kf3 Rd1
51.Ke4 Ne7 52.g4 Nd5  1/2-1/2

[Event "Yerevan op"]
[Site "Yerevan"]
[Date "1996.??.??"]
[Round "7"]
[White "Chibukhchian, Artur"]
[Black "Khachian, Melikset"]
[Result "1/2-1/2"]
[WhiteElo "2280"]
[BlackElo "2440"]

1.d4 Nf6 2.c4 g6 3.Nc3 d5 4.cxd5 Nxd5 5.e4 Nxc3 6.bxc3 Bg7 7.Nf3 c5 8.Rb1 O-O
9.Be2 Nc6 10.d5 Ne5 11.Nxe5 Bxe5 12.Qc2 Qd6 13.g3 e6 14.dxe6 Qxe6 15.O-O b6
16.a4 Bb7 17.a5 Bc7 18.f3 f5 19.Bh6 Rfe8 20.Qa4 Qf6 21.Bb5 Re7 22.a6 Bc8
23.Bc6 Rb8 24.f4 Qxc3 25.Bg5 Rxe4 26.Bxe4 Qe3+ 27.Rf2 Qxe4 28.Qxe4 fxe4 29.Re1 Bf5
30.g4 Bxg4 31.Rxe4 Bd6  1/2-1/2

[Event "Yerevan op"]
[Site "Yerevan"]
[Date "1996.??.??"]
[Round "7"]
[White "Yuneev, Alexey"]
[Black "Kudrin, Sergey"]
[Result "1-0"]
[WhiteElo "2415"]
[BlackElo "2535"]

1.d4 Nf6 2.c4 g6 3.Nc3 d5 4.cxd5 Nxd5 5.e4 Nxc3 6.bxc3 Bg7 7.Be3 c5 8.Qd2 Qa5
9.Rb1 b6 10.Bb5+ Bd7 11.Bd3 O-O 12.Ne2 e6 13.h4 h5 14.g4 cxd4 15.cxd4 Qxd2+
16.Kxd2 hxg4 17.h5 e5 18.hxg6 exd4 19.Nxd4 Nc6 20.Nxc6 Bxc6 21.Rhg1 Rad8
22.Rxg4 fxg6 23.Ke2 Be8 24.f4 Bf7 25.a4 Rd7 26.Rbg1 Rfd8 27.Bb1 Bc4+ 28.Kf3 Rd1
29.Rxg6 Rxg1 30.Rxg1 Bb3 31.e5 Rd1 32.Ba2 Rd3 33.Bxb3+ Rxb3 34.e6  1-0

[Event "Yerevan ol (Women)"]
[Site "Yerevan"]
[Date "1996.??.??"]
[Round "8"]
[White "Dengler, Dijana"]
[Black "Ramon, Vivian"]
[Result "1/2-1/2"]
[WhiteElo "2130"]
[BlackElo "2260"]

1.d4 Nf6 2.c4 g6 3.Nc3 d5 4.cxd5 Nxd5 5.e4 Nxc3 6.bxc3 Bg7 7.Nf3 c5 8.Be2 O-O
9.Rb1 Nc6 10.d5 Ne5 11.Nxe5 Bxe5 12.Qd2 Bg7 13.O-O b6 14.f4 e6 15.c4 e5 16.Bb2 Qd6
17.Bd3 Bd7 18.Kh1 Rae8 19.Rbe1 a6 20.Qf2 f6 21.Bc1 f5 22.exf5 Bxf5 23.Qc2 Bxd3
24.Qxd3 exf4 25.Rxe8 Rxe8 26.Bxf4 Qd7 27.h3 Rf8 28.Bg3 Rxf1+ 29.Qxf1 b5 30.Qf4 Bd4
31.Qb8+ Kf7 32.Bd6 Qe8 33.Qc7+ Kg8 34.Bg3 Qf8 35.Kh2 bxc4 36.d6 c3 37.d7 Bf6
38.Bd6 Qd8 39.Qc6 c2 40.Qd5+ Kg7 41.Bf4 g5 42.Bc1 Qe7 43.Qd2 h6 44.Qxc2 Qd6+
45.g3 Qxd7 46.Qxc5 Qd1 47.a3 Qe2+ 48.Kh1 Qf1+ 49.Kh2 Qe2+ 50.Kh1  1/2-1/2

[Event "Yerevan ol (Men)"]
[Site "Yerevan"]
[Date "1996.??.??"]
[Round "9"]
[White "Watanabe, Akira"]
[Black "Savva, Panikos"]
[Result "1-0"]
[WhiteElo "2275"]
[BlackElo "2190"]

1.d4 Nf6 2.c4 g6 3.Nc3 d5 4.cxd5 Nxd5 5.e4 Nxc3 6.bxc3 Bg7 7.Nf3 c5 8.Rb1 O-O
9.Be2 cxd4 10.cxd4 Qa5+ 11.Bd2 Qxa2 12.O-O Qe6 13.Qc2 Qd7 14.Bb5 Qd8 15.d5 Bd7
16.Bc4 b6 17.Be3 Qc8 18.Qd3 Qb7 19.h3 Rc8 20.Rfc1 Be8 21.e5 Qd7 22.g4 Qd8
23.e6 fxe6 24.Ng5 e5 25.d6+ Kh8 26.Qd5 Rxc4 27.Rxc4 Na6 28.d7  1-0

[Event "Yerevan ol (Men)"]
[Site "Yerevan"]
[Date "1996.??.??"]
[Round "12"]
[White "Magai, Vladimir"]
[Black "Rowson, Jonathan"]
[Result "1-0"]
[WhiteElo "2500"]
[BlackElo "2425"]

1.d4 Nf6 2.c4 g6 3.Nc3 d5 4.cxd5 Nxd5 5.e4 Nxc3 6.bxc3 Bg7 7.Nf3 c5 8.Rb1 O-O
9.Be2 b6 10.O-O Bb7 11.Qd3 e6 12.Bg5 Qd6 13.Qe3 Rc8 14.Rfd1 cxd4 15.cxd4 Nd7
16.Bd3 Rc3 17.e5 Qa3 18.Qe2 Rac8 19.Ne1 Bf8 20.Nc2 Qxa2 21.Ra1 Qb3 22.Ne3 a5
23.Bb5 Rc2 24.Nxc2 Rxc2 25.Qf1 Qd5 26.Rac1 Rxc1 27.Rxc1 h6 28.Rc7 Nxe5 29.dxe5 hxg5
30.Be8 Bc5 31.Bxf7+ Kf8 32.Bxe6 Qe4 33.Bc4 a4 34.e6 Bc6 35.Be2 Qxe6 36.Qa1 Ke8
37.Qh8+ Bf8 38.Qc3 Bc5 39.Bc4 Qd6 40.Qh8+ Qf8 41.Rc8+  1-0

[Event "Yerevan ol (Men)"]
[Site "Yerevan"]
[Date "1996.??.??"]
[Round "12"]
[White "Al Ghasra, Ali"]
[Black "Braso, Jorge"]
[Result "1/2-1/2"]
[WhiteElo "2160"]
[BlackElo "2245"]

1.d4 Nf6 2.c4 g6 3.Nc3 d5 4.cxd5 Nxd5 5.e4 Nxc3 6.bxc3 Bg7 7.Rb1 O-O 8.Nf3 c5
9.Be2 Nc6 10.d5 Ne5 11.Nxe5 Bxe5 12.Qc2 Rb8 13.f4 Bg7 14.O-O e6 15.Bc4 exd5
16.Bxd5 Qe7 17.c4 Be6 18.Be3 b6 19.Rbd1 Rfe8 20.e5 Red8 21.Qe4 h5 22.h3 h4
23.Bf2 Bh6 24.Bxe6 Qxe6 25.Bxh4 f5 26.Qc2 Rxd1 27.Qxd1  1/2-1/2

[Event "Yerevan ol (Men)"]
[Site "Yerevan"]
[Date "1996.??.??"]
[Round "13"]
[White "Santa Torres, Juan"]
[Black "Carless, David"]
[Result "1/2-1/2"]
[WhiteElo "2220"]
[BlackElo "2230"]

1.d4 Nf6 2.c4 g6 3.Nc3 d5 4.cxd5 Nxd5 5.e4 Nxc3 6.bxc3 Bg7 7.Nf3 O-O 8.Be2 c5
9.Rb1 Nc6 10.d5 Ne5 11.Nxe5 Bxe5 12.Qd2 e6 13.f4 Bh8 14.c4 Re8 15.O-O exd5
16.exd5 b6 17.Bb2 Bxb2 18.Qxb2 Qd6 19.Bd3 Bd7 20.Qf2 Qf6 21.Rfe1 Rad8 22.Rbc1 Bf5
23.Bxf5 Qxf5 24.Rxe8+ Rxe8 25.Rd1 Qd7 26.Re1 Rxe1+ 27.Qxe1 b5 28.cxb5 c4
29.Qd1 Qxb5 30.d6 Qd7 31.Kf2 c3 32.Qd3 c2 33.Qxc2 Qxd6 34.Qc8+ Kg7  1/2-1/2

[Event "Zalakaros op"]
[Site "Zalakaros"]
[Date "1996.??.??"]
[Round "2"]
[White "Kincs, Imre"]
[Black "Konopka, Michal"]
[Result "1/2-1/2"]
[WhiteElo "2225"]
[BlackElo "2405"]

1.d4 Nf6 2.c4 g6 3.Nc3 d5 4.cxd5 Nxd5 5.e4 Nxc3 6.bxc3 Bg7 7.Bc4 c5 8.Ne2 Nc6
9.Be3 O-O 10.Rc1 Bd7 11.h4 cxd4 12.cxd4 b5 13.Bb3 Na5 14.h5 Rc8 15.Rxc8 Qxc8
16.hxg6 hxg6 17.Qd2 Nxb3 18.axb3 Qa6 19.Bh6 Qa1+ 20.Qc1 Qxc1+ 21.Bxc1 Rc8
22.Kd1 a5 23.Bg5 Kf8 24.Kd2 a4 25.Rc1 axb3 26.Rxc8+ Bxc8 27.Kc3 b4+ 28.Kxb3 Ba6
29.Nf4 Bxd4 30.Nd5 Bc5 31.Be3 Bd6 32.Bd2 Bf1 33.Ne3 Bd3 34.f3 Bc5 35.e5 Ke8
36.Nd5 Bf1 37.Ne3 Be2 38.Nd5 Bf1 39.Ne3 Bxe3 40.Bxe3 Bxg2 41.f4 Kd7 42.Kxb4 Ke6
43.Kc4 g5 44.fxg5 Kxe5 45.Kd3 Bf1+ 46.Kd2 Ke4 47.Bc5 e5 48.Ke1 Bc4 49.Be7  1/2-1/2

[Event "Zalakaros op"]
[Site "Zalakaros"]
[Date "1996.??.??"]
[Round "9"]
[White "Marton, Istvan"]
[Black "Jankovits, Istvan"]
[Result "1-0"]
[WhiteElo "2205"]
[BlackElo "2060"]

1.d4 Nf6 2.c4 g6 3.Nc3 d5 4.cxd5 Nxd5 5.e4 Nxc3 6.bxc3 Bg7 7.Bc4 c5 8.Ne2 Nc6
9.Be3 cxd4 10.cxd4 O-O 11.O-O Bg4 12.f3 Na5 13.Bd3 Be6 14.Qa4 Rc8 15.Rfc1 b6
16.Ba6 Rxc1+ 17.Rxc1 Bd7 18.Qc2 e6 19.Qc7 Bf6 20.e5 Be7 21.Bd3 Re8 22.Kf2 Kf8
23.Be4 b5 24.Qxa7 Nc4 25.Bh6+ Kg8 26.a4 f5 27.Bd3 Nb2 28.Bb1 bxa4 29.Rc7 Bb5
30.Bg5 Kf7 31.Nc3 Bc4 32.Rd7 Qxd7 33.Qxd7 a3 34.Ba2 Bxa2 35.Nxa2 h6 36.Bxh6 Rd8
37.Qa7 Ke8 38.Bg7 Rd7 39.Qb8+ Rd8 40.Qb6 Kf7 41.Bf6 Bxf6 42.exf6 Rd7 43.g4 fxg4
44.fxg4 Kxf6 45.h4 Rh7 46.Kg3 Rd7 47.Qc5 Kf7 48.Qxa3 Nc4 49.Qf3+ Kg7 50.g5 Rf7
51.Qe2 Rc7 52.Qxe6 Kh7 53.Nb4  1-0

[Event "ESP-ch"]
[Site "Zamora"]
[Date "1996.??.??"]
[Round "4"]
[White "Alonso Pascual, Francisco"]
[Black "Fernandez Garcia, Jose L"]
[Result "0-1"]
[WhiteElo "2225"]
[BlackElo "2465"]

1.d4 Nf6 2.c4 g6 3.Nc3 d5 4.cxd5 Nxd5 5.e4 Nxc3 6.bxc3 Bg7 7.Bc4 c5 8.Ne2 Nc6
9.Be3 O-O 10.O-O Bg4 11.f3 Bd7 12.Rb1 Rc8 13.dxc5 Qc7 14.Bd5 Na5 15.Qc1 Rfd8
16.Bf4 Be5 17.Bxe5 Qxe5 18.f4 Qc7 19.c6 Bxc6 20.Bxf7+ Kxf7 21.f5 Kg8 22.fxg6 Bxe4
23.gxh7+ Kh8 24.Rb5 Bd3 25.c4 Nxc4 26.Rg5 Qb6+ 27.Kh1 Qb2 28.Qf4 Qf6 29.Rg8+ Rxg8
30.hxg8=Q+ Rxg8 31.Qc1 Qg5 32.Qc3+ Qg7 33.Qxg7+ Kxg7  0-1

[Event "Zaragoza op"]
[Site "Zaragoza"]
[Date "1996.??.??"]
[Round "7"]
[White "Del Rey, Diego"]
[Black "Gamundi, Antonio"]
[Result "0-1"]
[WhiteElo "2350"]
[BlackElo "2395"]

1.d4 Nf6 2.c4 g6 3.Nc3 d5 4.cxd5 Nxd5 5.e4 Nxc3 6.bxc3 Bg7 7.Be3 c5 8.Qd2 O-O
9.Nf3 Qa5 10.Rc1 cxd4 11.cxd4 Qxd2+ 12.Kxd2 Rd8 13.Bd3 Nc6 14.Rc4 f5 15.exf5 Bxf5
16.Bxf5 gxf5 17.Ke2 Rd5 18.Rb1 Rad8 19.g3 Bf6 20.h4 R8d7 21.Kf1 e6 22.Ke2 Kf7
23.Kf1 Ke8 24.Kg2 Kf7 25.Kh3 Kg6 26.Kg2 Kh5 27.Kh3 h6 28.Re1 Kg6 29.Re2 Bg7
30.Kg2 Kf7 31.Rb2 a6 32.Rb1 Rb5 33.Rcc1 Rxb1 34.Rxb1 b5 35.Rc1 Nb4 36.Kf1 Nd5
37.Rc2 Nc7 38.Ke2 Nd5 39.Kd3 Nxe3 40.Kxe3 Bf8 41.Ne5+ Ke8 42.g4 Ba3 43.gxf5 exf5
44.Kf4 b4  0-1

[Event "Weihnachts op"]
[Site "Zuerich"]
[Date "1996.??.??"]
[Round "5"]
[White "Paulsen, Dirk"]
[Black "Djuric, Stefan"]
[Result "0-1"]
[WhiteElo "2345"]
[BlackElo "2560"]

1.d4 Nf6 2.c4 g6 3.Nc3 d5 4.cxd5 Nxd5 5.e4 Nxc3 6.bxc3 Bg7 7.Nf3 O-O 8.Rb1 c5
9.Be2 b6 10.O-O Bb7 11.Qd3 Ba6 12.Qe3 e6 13.Bxa6 Nxa6 14.Qe2 Nb8 15.Bg5 Qe8
16.Qc2 cxd4 17.cxd4 Nc6 18.Rbd1 Rc8 19.Qa4 Na5 20.Qxe8 Rfxe8 21.d5 f6 22.Be3 Nc4
23.Nd4 exd5 24.exd5 Nxe3 25.fxe3 f5 26.Ne6 Be5 27.Rf3 Bd6 28.Rdf1 Rc4 29.h3 Rec8
30.g4 fxg4 31.Rf7 gxh3 32.Rg7+ Kh8 33.Rd7 h2+ 34.Kh1 Be5 35.d6 Kg8 36.Nc7 g5
37.Nd5 Rc2 38.Ne7+ Kh8 39.Rd8+ Kg7 40.Rg8+ Kh6 41.Rgf8 Rxf8 42.Rxf8  0-1

[Event "Hoogovens-B"]
[Site "Wijk aan Zee"]
[Date "1997.01.31"]
[Round "9"]
[White "Dao Thien Hai"]
[Black "Riemersma, Liafbern"]
[Result "1/2-1/2"]
[WhiteElo "2555"]
[BlackElo "2435"]

1.d4 Nf6 2.c4 g6 3.Nc3 d5 4.cxd5 Nxd5 5.e4 Nxc3 6.bxc3 Bg7 7.Bb5+ Bd7 8.Be2 c5
9.Nf3 cxd4 10.cxd4 Bc6 11.Qd3 O-O 12.O-O e6 13.Rb1 Nd7 14.Ba3 Re8 15.d5 exd5
16.exd5 Ba4 17.Rxb7 a6 18.Nd4 Ne5 19.Qe4 Bd7 20.Qc2 Qa5 21.Bc5 Rac8 22.Nb3 Ba4
23.Rc1 Qd8 24.Qd2 Nd7 25.Be3 Rxc1+ 26.Qxc1 Nf6 27.Bxa6 Qxd5 28.Rc7 Qd6 29.Be2 Nd5
30.Rc8 Nxe3 31.Rxe8+ Bxe8 32.Qxe3 Bd7 33.Qc5 Be5 34.Qxd6 Bxd6 35.Nd4 Bc5
36.Nf3 Bc6 37.Ne5 Bd5 38.Bc4 Bd4 39.Bxd5 Bxe5 40.a4 Kf8 41.Kf1 h6 42.h4 g5
43.h5 Ke7 44.Ke2 Bd4 45.a5 f5 46.Bb7 Kd6 47.a6 Ke5 48.Bc8 f4 49.f3 Bg1 50.Kd3 Ba7
51.Kc4 Kd6 52.Kd3 Ke5 53.Kc4 Kd6 54.Kd3 Ke5  1/2-1/2